00568nam a2200145 a 4500008004100000050001400041100002100055245005000076260004200126300002200168350000900190995008400199999001700283952012200300120416s1970 ||||||||||||||||| || u aHM 24 Dor aDoreian, Patrick10aMathematics and the study of social relations aLondonbWeidenfeld and Nicolsonc1970 aviii, 211p. : ill a0.00 D0.00FCBU-MAIN LIBRARY (Kitwe)H1I0.00UAVAILABLEZAnnex Low-Usage Collection  c50692d50692 00102lcc4070a001b001cAnnex Low-Usage Collection d2022-11-30l0oHM 24 Dorp008451r2022-11-30w2022-11-30y002